00491nam a2200169Ia 4500003000900000008004100009020001800050040001600068080001900084100001600103245007400119260004800193300001500241650004100256650001200297650001200309IN-BaIIA211028s9999 xx 000 0 eng d a0-521-21241-3 cIIA Library a524.354.4bSMI aSmith, F. G 0aPulsarscF. G. Smith  aCambridgebCambridge University Pressc1977 axii, 239p. aAstronomy and astrophysics thesaurus aPulsars aQuasars